000
00284nam a2200121Ia 4500
008
190216s9999||||xx |||||||||||||| ||und||
100
_a
Sreedhara Menon.A
245
0
_a
Indian History & Culture
260
_b
Viswanathan S.
300
_a
179
650
_a
Indian History
942
_c
BK
999
_c
19084
_d
19084